Les 30 plus grandes villes du Portugal - Statistiques

Statistiques générales
  • Ce quiz a été pris 570 fois
  • Le résultat moyen est 11 sur 30
Statistiques - réponses
Habitants Villes % Correct
564 657 Lisbonne
99%
263 131 Porto
99%
109 460 Braga
89%
41 934 Faro
85%
101 069 Coimbra
73%
52 181 Guimarães
63%
89 303 Setúbal
61%
55 291 Aveiro
52%
47 250 Viseu
52%
42 745 Leiria
45%
32 433 Portimão
43%
100 526 Funchal
39%
41 159 Évora
38%
36 148 Viana do Castelo
37%
178 255 Vila Nova de Gaia
35%
30 649 Castelo
33%
175 872 Amadora
29%
101 500 Almada
24%
45 703 Matosinhos
20%
34 772 Covilhã
14%
35 625 Maia
13%
46 102 Ponta Delgada
13%
50 846 Odivelas
9%
38 643 Póvoa de Varzim
9%
47 695 Rio Tinto
8%
40 859 Barreiro
7%
78 040 Queluz
7%
81 845 Agualva-Cacém
5%
44 515 Amora
5%
38 270 Ermesinde
5%
Aucun quiz correspondant
Distribution des résultats
% des personnes avec chaque résultat
Percentile par nombre de réponses
Votre historique - résultats
Vous n’avez pas pris ce quiz